Talmudic stories: narrative art, composition, and culture
| Contributors: | |
|---|---|
| Format: | Print Book |
| Language: | English Hebrew Aramaic |
| Subito Delivery Service: | Order now. |
| Check availability: | HBZ Gateway |
| WorldCat: | WorldCat |
| Interlibrary Loan: | Interlibrary Loan for the Fachinformationsdienste (Specialized Information Services in Germany) |
| Published: |
Baltimore, MD London
Johns Hopkins University Press
[1999]
|
| In: | Year: 1999 |
| Standardized Subjects / Keyword chains: | B
Talmud
/ Narrative theory
|
| Further subjects: | B
Aggada
History and criticism
B Rabbinical literature Translations into English B Narration in rabbinical literature |
| Online Access: |
Contributor biographical information Table of Contents Publisher description Table of contents |
MARC
| LEADER | 00000cam a2200000 c 4500 | ||
|---|---|---|---|
| 001 | 26514194X | ||
| 003 | DE-627 | ||
| 005 | 20251222211614.0 | ||
| 007 | tu | ||
| 008 | 990223s1999 xxu||||| 00| ||eng c | ||
| 010 | |a 99010877 | ||
| 016 | 7 | |a b99W1455 |2 UK | |
| 020 | |a 0801877547 |c (pbk.) |9 0-8018-7754-7 | ||
| 020 | |a 0801861462 |c (alk. paper) |9 0-8018-6146-2 | ||
| 035 | |a (DE-627)26514194X | ||
| 035 | |a (DE-576)080777783 | ||
| 035 | |a (DE-599)GBV26514194X | ||
| 035 | |a (OCoLC)246601138 | ||
| 035 | |a (OCoLC)246601138 | ||
| 040 | |a DE-627 |b ger |c DE-627 |e rda | ||
| 041 | |a eng |a heb |a arc |h heb |h arc | ||
| 044 | |c XD-US |c XA-GB | ||
| 050 | 0 | |a BM516.5 | |
| 050 | 0 | |a BM516.5.R83 1999 | |
| 082 | 0 | |a 296.127606 | |
| 082 | 0 | |a 296.1/27606 | |
| 084 | |a 11.22 |2 bkl | ||
| 130 | 0 | |a Babylonischer Talmud |0 (DE-588)4328858-3 |0 (DE-627)13176375X |0 (DE-576)211292435 | |
| 191 | |a 1 | ||
| 245 | 1 | 0 | |a Talmudic stories |b narrative art, composition, and culture |c Jeffrey L. Rubenstein |
| 264 | 1 | |a Baltimore, MD |a London |b Johns Hopkins University Press |c [1999] | |
| 264 | 4 | |c © 1999 | |
| 300 | |a xvi, 435 Seiten |c 24 cm | ||
| 336 | |a Text |b txt |2 rdacontent | ||
| 337 | |a ohne Hilfsmittel zu benutzen |b n |2 rdamedia | ||
| 338 | |a Band |b nc |2 rdacarrier | ||
| 505 | 8 | |a Literaturverz. S. [407] - 415 | |
| 546 | |a Includes the texts of six stories from the Babylonian Talmud in the original Hebrew and Aramaic and in English translation | ||
| 583 | 1 | |a Archivierung prüfen |c 20200919 |f DE-640 |z 2 |2 pdager | |
| 650 | 0 | |a Aggada |x History and criticism | |
| 650 | 0 | |a Narration in rabbinical literature | |
| 650 | 0 | |a Rabbinical literature |x Translations into English | |
| 689 | 0 | 0 | |d u |0 (DE-588)4133699-9 |0 (DE-627)105678171 |0 (DE-576)20964611X |a Talmud |2 gnd |
| 689 | 0 | 1 | |d s |0 (DE-588)4152975-3 |0 (DE-627)105534315 |0 (DE-576)209799781 |2 gnd |a Erzähltheorie |
| 689 | 0 | |5 (DE-627) | |
| 700 | 1 | |e HerausgeberIn |e ÜbersetzerIn |0 (DE-588)124163769 |0 (DE-627)085679488 |0 (DE-576)17440638X |4 edt |4 trl |a Rubenstein, Jeffrey L. |d 1964- | |
| 856 | 4 | 2 | |u http://bvbr.bib-bvb.de:8991/F?func=service&doc_library=BVB01&doc_number=008898577&line_number=0001&func_code=DB_RECORDS&service_type=MEDIA |m V:DE-604 |q application/pdf |v 20090731000000 |3 Inhaltsverzeichnis |7 1 |
| 856 | 4 | 2 | |u http://www.loc.gov/catdir/bios/jhu051/99010877.html |x Verlag |y Contributor biographical information |7 1 |
| 856 | 4 | 2 | |u http://www.loc.gov/catdir/toc/jhu051/99010877.html |x Verlag |y Table of contents |7 1 |
| 856 | 4 | 2 | |u http://www.loc.gov/catdir/description/jhu052/99010877.html |x Verlag |y Publisher description |7 1 |
| 889 | |w (DE-627)883851547 | ||
| 935 | |a mteo | ||
| 935 | |i Blocktest | ||
| 936 | b | k | |a 11.22 |j Rabbinica |0 (DE-627)106404253 |
| 951 | |a BO | ||
| CAN | |a 1 | ||
| ELC | |b 1 | ||
| ORI | |a SA-MARC-ixtheo_oa001.raw | ||
| REL | |a 1 | ||
| STA | 0 | 0 | |a Narrative theory,Narratology,Narration (Rhetoric) |
| STB | 0 | 0 | |a Narratologie,Narration |
| STC | 0 | 0 | |a Narratología |
| STD | 0 | 0 | |a Narratologia |
| STE | 0 | 0 | |a 叙事理论,叙事学 |
| STF | 0 | 0 | |a 敍事理論,敍事學 |
| STG | 0 | 0 | |a Narratologia |
| STH | 0 | 0 | |a Теория рассказа |
| STI | 0 | 0 | |a Αφηγηματολογία |
| SUB | |a CAN |a REL | ||
| SYG | 0 | 0 | |a Kasseler Talmudfragmente , Narratologie |